|
|
|
|
| LEADER |
00000naa2a2200000 4500 |
| 001 |
145724 |
| 005 |
20231031144159.0 |
| 035 |
|
|
|a (RuTPU)RU\TPU\book\157957
|
| 090 |
|
|
|a 145724
|
| 100 |
|
|
|a 20081021d2003 k y0rusy50 ca
|
| 101 |
0 |
|
|a rus
|
| 102 |
|
|
|a RU
|
| 200 |
1 |
|
|a Интернет-сайт как инструмент информационной политики
|f В. А. Ананьев, И. Л. Чудинов
|
| 463 |
|
0 |
|0 (RuTPU)RU\TPU\book\66157
|y 5-98928-001-3
|t Молодежь и современные информационные технологии
|o сборник трудов региональной научно-практической конференции студентов, г.Томск, 25-26 февраля 2003 г.
|f Томский политехнический университет
|v С. 45-46
|d 2003
|p 190 с.
|
| 610 |
1 |
|
|a информация
|
| 610 |
1 |
|
|a информационная политика
|
| 610 |
1 |
|
|a Интернет
|
| 610 |
1 |
|
|a сайты
|
| 610 |
1 |
|
|a культурная политика
|
| 610 |
1 |
|
|a культура
|
| 610 |
1 |
|
|a Томск
|
| 610 |
1 |
|
|a труды учёных ТПУ
|
| 700 |
|
1 |
|a Ананьев
|b В. А.
|
| 701 |
|
1 |
|a Чудинов
|b И. Л.
|c специалист в области информатики и вычислительной техники
|c доцент Томского политехнического университета, кандидат технических наук
|f 1945-
|g Игорь Леонидович
|2 stltpush
|3 (RuTPU)RU\TPU\pers\25955
|
| 801 |
|
1 |
|a RU
|b 63413507
|c 20081021
|g PSBO
|
| 801 |
|
2 |
|a RU
|b 63413507
|c 20170111
|g RCR
|
| 942 |
|
|
|c BK
|